| 000 | 00639nam a22001817a 4500 | ||
|---|---|---|---|
| 003 | BD-DhUL | ||
| 005 | 20180513104145.0 | ||
| 008 | 180513s0000 ii ||||| |||| 00| 0 ben d | ||
| 040 |
_aBD-DhUL _cBD-DhUL |
||
| 082 |
_a891.443 _bMIP |
||
| 100 | 1 | _aমিত্র, প্রেমেন্দ্র | |
| 245 | 0 | 0 |
_aপ্রতিশোধ/ _cপ্রেমেন্দ্র মিত্র |
| 260 |
_aকলিকাতা : _bপর্ণ কুটীর, _c০০০০। |
||
| 300 |
_a১৮৪ পৃ. ; _c২২ সেমি. |
||
| 650 | 4 | _aবাংলা উপন্যাস | |
| 650 | 4 | _aBengali fiction | |
| 942 |
_2ddc _cBK |
||
| 999 |
_c241236 _d241236 |
||